Iles de métropole sans voyelles - Statistiques

Statistiques générales
  • Ce quiz a été pris 77 fois
  • Le résultat moyen est 12 sur 21
Statistiques - réponses
Hint Réponse % Correct
d R de Ré
94%
Mnt-Snt-Mchl Mont-Saint-Michel
90%
d Nrmtr de Noirmoutier
84%
d'x d'Aix
82%
d Prqrlls de Porquerolles
81%
Bll-l Belle-Ile
75%
Crs Corse
73%
d'ssnt d'Ouessant
73%
d Lvnt du Levant
63%
d' d'Yeu
63%
d Sn de Sein
61%
d Grx de Groix
60%
d Prt-Crs de Port-Cros
60%
d Brht de Bréhat
54%
d Btz de Batz
52%
d'lrn d'Oléron
34%
Hdc Hoëdic
34%
Lvzz Lavezzi
28%
Ht Houat
24%
Cvll Cavallo
13%
Mln Molène
12%
Aucun quiz correspondant
Distribution des résultats
% des personnes avec chaque résultat
Percentile par nombre de réponses
Votre historique - résultats
Vous n’avez pas pris ce quiz